000 00919nam a22002657a 4500
005 20120327124320.0
008 120327t xxu||||| |||| 00| 0 eng d
010 _aENG-104898
020 _a9788120345027
_c695.00
035 _aEN-88431
037 _bDBAD/PUB
040 _aDPL
_bEng
082 _a005.133
100 _944300
_aDeitel, Paul
245 _aJava :
_cby Paul Deitel [and] Harvey Deitel
_bhow to program /
250 _a9th ed
260 _aNew Delhi
_bPHI Learning
_c2012
270 _aM-97, Connaught Circus
_bNew Delhi
_e110001
300 _axxxv,1496p.
_c24cm(pbk)
500 _aIncludes index
650 _aJava (Computer program language)
_944369
700 _aDeitel, Harvey
_91060
942 _2ddc
_cEN
_mDEI
_h005.133
999 _c64434
_d64434